| 000 | 01087nam0a2200289 4500 | ||
|---|---|---|---|
| 001 | RU\NLR\bibl\1349954 | ||
| 005 | 20250615173344.0 | ||
| 010 |
_a978-5-98527-114-0 _93000 |
||
| 021 |
_aRU _b2009-6893 _9396 |
||
| 035 | _a(NLR Aleph) 001335056 | ||
| 090 |
_a824848 _c824848 |
||
| 100 | _a20090401d2009 |||y0rusy50 ca | ||
| 101 | 0 | _arus | |
| 102 | _aRU | ||
| 105 | _aa ||||||||| | ||
| 200 | 1 |
_aЗанятия на тренажерах в детском саду _fЖелезняк Н.Ч. |
|
| 210 |
_aМосква _cСкрипторий 2003 _d2009 |
||
| 215 |
_a118, [1] с. _cил. _d21 |
||
| 320 | _aБиблиогр.: с. 117-118 (18 назв.) | ||
| 606 | 1 |
_aДошкольники _jРуководства, пособия и т.п. _xФизическое воспитание _xИспользование тренажеров _91579777 _3RU\NLR\auth\66693154 |
|
| 686 | _aЧ411.354я7 | ||
| 700 | 1 |
_aЖелезняк _bН. Ч. _gНина Чеславовна _4070 |
|
| 801 | 0 |
_aRU _bNLR _c20090401 _gRCR |
|
| 801 | 1 |
_aRU _bNLR _c20090401 |
|
| 942 | _cBOOK | ||
| 980 | _aNB | ||